Subdivisions In A Country - Statistics

General Stats
  • This quiz has been taken 23 times
  • The average score is 56 of 64
Answer Stats
Question Tile Select % Correct
United States Babil No
100%
Canada Brittany No
100%
Canada Chhattisgarh No
100%
United States Chiapas No
100%
United States Diyala No
100%
United States Goa No
100%
United States Jalisco No
100%
Canada Kerman No
100%
Canada Kurdistan No
100%
Canada Lazio No
100%
Canada Lorestan No
100%
Canada Maine No
100%
Canada New York No
100%
India Nimruz No
100%
India North Khorasan No
100%
United States Novosibirsk No
100%
United States Omsk No
100%
Iraq Palestine No
100%
United States Para No
100%
India Perm No
100%
Iraq Punjab No
100%
Iraq Sardinia No
100%
Canada Sindh No
100%
United States State Of Mexico No
100%
Canada Tuscany No
100%
India Western Australia No
100%
India Badakhshan No
95%
Canada British Columbia Yes
95%
United States California Yes
95%
United States Florida Yes
95%
Canada Grand Est No
95%
United States Maine Yes
95%
United States Massachusetts Yes
95%
Iraq Mount Lebanon No
95%
United States New Jersey Yes
95%
United States New York Yes
95%
Canada Ontario Yes
95%
Canada Quebec Yes
95%
Canada Scotland No
95%
United States Texas Yes
95%
Iraq Balochistan No
91%
India North Kalimantan No
91%
India Baghlan No
86%
India Jammu And Kashmir Yes
86%
India Khulna No
86%
Canada Nunavut Yes
86%
India Tamil Nadu Yes
86%
India Kerala Yes
82%
India Assam Yes
77%
India Manipur Yes
77%
Iraq Najaf Yes
77%
Iraq Homs No
73%
Iraq Kerman No
73%
India Kunar No
73%
Iraq Erbil Yes
68%
Iraq Kermanshah No
64%
Iraq Daraa No
59%
India Karnataka Yes
59%
Iraq Sulaymaniyah Yes
59%
Iraq Hama No
55%
India Daman And Diu Yes
50%
Iraq Dohuk Yes
50%
Iraq Nineveh Yes
50%
Iraq Muthanna Yes
32%
No matching quizzes found
Score Distribution
Percent of People with Each Score
Percentile by Number Answered
Your Score History
You have not taken this quiz